000 01400nam a22003857a 4500
003 CHAP
005 20220817044229.0
008 081010c2007 it a rn 00010 eng d
010 _a95231
011 _a96203
020 _a9789251058633
035 _a106850
040 _cCHAP
082 0 4 _a639.2
_bF62y v.10
110 2 _aFAO
245 1 0 _aComparative assessment of the environmental costs of aquaculture and other food production sectors
_bMethods for meaningful comparisons. FAO/WFT expert workshop, 24-28 april 2006, Vancouver, Canada
_c/edited by Devin M. Bertley ...[et al.]
260 _aRome :
_bFAO,
_cc2007
300 _aviii, 241 p. :
_bilus. ; gráfs.
490 0 _aFisheries proceedings
_v; 10
590 _aBATCH-UPD
_b10
_c20130110
_lUCH01
_h0648
590 _aBATCH-UPD
_b10
_c20130410
_lUCH01
_h0332
590 _aBATCH-UPD
_b10
_c20130914
_lUCH01
_h0215
590 _aCONVERSION
_b10
_c20130109
_lUCH01
_h1353
650 1 4 _aAlimentos
_xAbastecimiento.
650 1 4 _aImpacto ambiental.
_957465
650 1 4 _aMedio ambiente.
_974065
650 1 4 _aPesca
_xAspectos económicos.
_987361
650 1 4 _aProductos pesqueros.
_992201
700 1 _aBartley, Devin M.
_e, ed.
_910631
830 0 0 _aFisheries proceedings
_v; 10
_941120
901 _aBK
911 _aen proceso
942 _cLIBRO
949 _a639.2 F62y v.10
_bBC
_cFAO
_d33724002038686
_eFAO1
_gDonaciØn
_h109831
_i106850
_sb
999 _c95231
_d95231